Riešenie variačných nerovností v mechanike
Na minha lista:
| Formato: | Livro |
|---|---|
| Idioma: | eslovaco |
| Publicado em: |
Bratislava :
Alfa,
1982
|
| Edição: | 1.vyd. |
| Assuntos: | |
| Tags: |
Sem tags, seja o primeiro a adicionar uma tag!
|
MARC
| LEADER | 00000nam a22000003a 4500 | ||
|---|---|---|---|
| 001 | stu41355 | ||
| 005 | 20240201133630.0 | ||
| 008 | 931122s1982----cs------------------slo-d | ||
| 040 | |a STU |b slo | ||
| 041 | 0 | |a slo | |
| 044 | |a cs | ||
| 080 | |a 539.3 | ||
| 245 | |a Riešenie variačných nerovností v mechanike | ||
| 250 | |a 1.vyd. | ||
| 260 | |a Bratislava : |b Alfa, |c 1982 | ||
| 300 | |a 227 s | ||
| 650 | 7 | |a mechanika |2 stusub | |
| 650 | 7 | |a deformácie |2 stusub | |
| 996 | |b 284M045087 |c M*1747-1 |l MMKN |s A |a 24 |w stu41355_0001 | ||
| 996 | |b 284V035967 |c V*23017/O-9119 |l VVS |s A |a 24 |w stu41355_0002 | ||
| 996 | |b 284V035968 |c V*23018/O-9119a |l VVS |s A |a 24 |w stu41355_0003 | ||
| 996 | |b 284V035858 |c V*23811/O-9642a |l VVS |s A |a 24 |w stu41355_0004 | ||
| 996 | |b 284V027683 |c V*23810/O-9642 |l VVT |s A |a 24 |w stu41355_0005 | ||
| 996 | |b 284V035857 |c V*23812/O-9642b |l VVS |s A |a 24 |w stu41355_0007 | ||
| 996 | |b 284V041208 |c V* 52979/O-24139 |l VVS |s A |a 24 |w stu41355_0008 | ||